Rozhlas v knihe, kniha v rozhlase

Bibliographic Details
Main Authors: Žilková, Marta, 1942- (Author), Kepštová, Ľubica, 1960- (Author)
Format: Article
Language:Slovak
Subjects:

MARC

LEADER 00000nab a2200000 ar4500
001 vtls008840667
003 SK-MaSNL
005 20260303191148.0
008 060821c2006 xo mr|p|||||||000 b|slo
015 |a SNBRB2006/08  |2 snkbucl 
038 |a SNKBUCL 
040 |a SNKBUCL  |b slo  |c SNKBUCL  |e AACR2 
041 0 |a slo 
044 |a xo  |c SK 
080 |a 7.096.079:821 (100)-93  |2 1997 
080 |a 821 (100)-93:061.7  |2 1997 
080 |a 82:7.096  |2 1997 
080 |a 821.162.4-93:061.7  |2 1997 
080 |a 82:061.7  |2 1997 
100 1 |a Žilková, Marta,  |d 1942-  |4 aut  |9 88073 
245 1 0 |a Rozhlas v knihe, kniha v rozhlase  |c Marta Žilková, Ľubica Kepštová 
611 2 7 |a Zázračný oriešok  |n (4. :  |d 2006 :  |c Piešťany, Slovensko)  |2 snkbucl  |9 90589 
648 7 |a 23.-25.5.2006  |2 snkbucl  |9 1220255 
650 0 7 |a rozhlasové rozprávky  |x festivaly  |2 snkbucl  |9 1192480 
651 7 |a Piešťany (Slovensko)  |2 snkbucl  |9 23981 
700 1 |a Kepštová, Ľubica,  |d 1960-  |4 aut  |9 17779 
773 0 |t Knižná revue  |g Roč. XVI., č. 13 (2006)  |x 1210-1982 
773 0 8 |i Príl.:  |t Spravodajca  |g Roč. 4., č. 2 (2006), s. III 
852 |a SNK  |b KIS3GCP 
958 |a LX 
958 |a SK 
999 |c 2139677  |d 2141607